[Event "4NCL9495 2nd Season"]
[Site "Various Venues"]
[Date "1994.11.27"]
[Round "4.3"]
[White "McMichael, Richard"]
[Black "Brown, Simon D"]
[Result "0-1"]
[WhiteElo "2300"]
[BlackElo "2290"]
[PlyCount "60"]
[EventDate "1994.10.01"]
[EventType "team-tourn"]
[EventRounds "11"]
[EventCountry "GBR"]
[SourceTitle "BritBase 18May2020"]
[SourceDate "2020.05.18"]
[SourceVersionDate "2020.05.18"]
[WhiteTeam "Na Fianna"]
[BlackTeam "Invicta Knights"]
[WhiteTeamCountry "IRL"]
[BlackTeamCountry "ENG"]

1. b3 d5 2. e3 Nf6 3. Bb2 c5 4. f4 Nc6 5. Bb5 Bg4 6. Nf3 Rc8 7. O-O g6 8. Qe1
Bxf3 9. Rxf3 Bg7 10. Qh4 e6 11. g4 h6 12. Be5 O-O 13. Bxc6 Rxc6 14. Qh3 h5 15.
g5 Ne4 16. Bxg7 Kxg7 17. d3 Nd6 18. Nd2 Qa5 19. Rf2 Qc3 20. Raf1 Qxc2 21. e4
Qc3 22. f5 exf5 23. exd5 Ra6 24. a4 Qd4 25. Qf3 Re8 26. Nc4 Nxc4 27. dxc4 Re3
28. Qd1 Rd3 29. Qc2 Rb6 30. Rb1 h4 0-1

[Event "4NCL9495 2nd Season"]
[Site "Various Venues"]
[Date "1994.11.27"]
[Round "4.4"]
[White "Hanreck, Alan E"]
[Black "O'Brien, Richard W"]
[Result "1-0"]
[WhiteElo "2245"]
[BlackElo "2160"]
[PlyCount "77"]
[EventDate "1994.10.01"]
[EventType "team-tourn"]
[EventRounds "11"]
[EventCountry "GBR"]
[SourceTitle "BritBase 18May2020"]
[SourceDate "2020.05.18"]
[SourceVersionDate "2020.05.18"]
[WhiteTeam "Invicta Knights"]
[BlackTeam "Na Fianna"]
[WhiteTeamCountry "ENG"]
[BlackTeamCountry "IRL"]

1. d4 f5 2. Bg5 Nf6 3. Bxf6 exf6 4. e3 Be7 5. Nc3 O-O 6. Bc4+ Kh8 7. Qh5 c6 8.
Bf7 d5 9. Bg6 h6 10. Bxf5 Bd6 11. Nf3 Bxf5 12. Qxf5 Qe8 13. Nh4 Rf7 14. O-O Nd7
15. Ng6+ Kg8 16. e4 Nb6 17. Rfe1 Qd7 18. Qxd7 Rxd7 19. exd5 Kf7 20. dxc6 bxc6
21. Ne5+ fxe5 22. dxe5 Bxe5 23. Rxe5 Nc4 24. Rc5 Nxb2 25. Rxc6 Rad8 26. f3 Rd2
27. Ne4 R2d7 28. Kf2 Na4 29. Rb1 Nb6 30. c4 Kg8 31. c5 Nc4 32. Kg3 Ne3 33. Re6
Nf5+ 34. Kf2 Rc7 35. g4 Nd4 36. Rd6 Rxd6 37. cxd6 Rf7 38. Ke3 Nxf3 39. d7 1-0

[Event "4NCL9495 2nd Season"]
[Site "Various Venues"]
[Date "1994.11.27"]
[Round "4.6"]
[White "Gormally, Daniel"]
[Black "Connolly, Suzanne"]
[Result "1-0"]
[WhiteElo "2168"]
[BlackElo "2035"]
[PlyCount "107"]
[EventDate "1994.10.01"]
[EventType "team-tourn"]
[EventRounds "11"]
[EventCountry "GBR"]
[SourceTitle "BritBase 18May2020"]
[SourceDate "2020.05.18"]
[SourceVersionDate "2020.05.18"]
[WhiteTeam "Invicta Knights"]
[BlackTeam "Na Fianna"]
[WhiteTeamCountry "ENG"]
[BlackTeamCountry "IRL"]

1. e4 e5 2. Nf3 Nc6 3. Bb5 Nd4 4. Nxd4 exd4 5. Bc4 Nf6 6. d3 d5 7. exd5 Nxd5 8.
O-O Be7 9. Qe2 Nb6 10. Re1 Nxc4 11. dxc4 Qd6 12. Bg5 Be6 13. Bxe7 Qxe7 14. Qe5
O-O-O 15. Nd2 Qb4 16. Nb3 Qxc4 17. Rad1 Qd5 18. Qg3 Qc4 19. Qxg7 Qxc2 20. Nxd4
Qa4 21. b3 Qa5 22. Nxe6 fxe6 23. Rc1 c6 24. a4 Qd5 25. g3 Rhf8 26. Qxh7 Rd7 27.
Qe4 Qxb3 28. a5 Qa2 29. Re2 Qxa5 30. Qxe6 Qd5 31. Qxd5 Rxd5 32. f4 a5 33. Ra1
Kd7 34. Kf2 Ra8 35. Rea2 b6 36. g4 Rh8 37. Ke3 Re8+ 38. Kf3 Rd3+ 39. Kg2 Re4
40. Rf2 a4 41. h4 Ree3 42. g5 Rh3 43. Rxa4 Rxh4 44. Ra7+ Kd6 45. Rf3 Rd2+ 46.
Kg3 Rdh2 47. g6 R2h3+ 48. Kf2 Rh2+ 49. Ke3 Rg2 50. f5 Ke5 51. Re7+ Kd5 52. f6
Rxg6 53. f7 Rh8 54. Re8 1-0

[Event "4NCL9495 2nd Season"]
[Site "Various Venues"]
[Date "1994.11.27"]
[Round "4.7"]
[White "O'Siochru, Mairead Maura"]
[Black "Harakis, Alexis"]
[Result "0-1"]
[WhiteElo "2045"]
[BlackElo "2170"]
[PlyCount "76"]
[EventDate "1994.10.01"]
[EventType "team-tourn"]
[EventRounds "11"]
[EventCountry "GBR"]
[SourceTitle "BritBase 18May2020"]
[SourceDate "2020.05.18"]
[SourceVersionDate "2020.05.18"]
[WhiteTeam "Na Fianna"]
[BlackTeam "Invicta Knights"]
[WhiteTeamCountry "IRL"]
[BlackTeamCountry "ENG"]

1. c4 e6 2. Nc3 d5 3. cxd5 exd5 4. d4 c6 5. Nf3 Bd6 6. Bg5 Ne7 7. e3 Qc7 8. Rc1
Ng6 9. Nb5 Bb4+ 10. Nd2 Qd7 11. Nc3 h6 12. Bf4 Nxf4 13. exf4 Qf5 14. Qf3 Bd6
15. Bd3 Qe6+ 16. Qe2 Qxe2+ 17. Nxe2 Nd7 18. O-O g5 19. Rfe1 Kf8 20. f5 Nf6 21.
Nc3 Bd7 22. Nf3 Re8 23. Rxe8+ Bxe8 24. Ne5 Nd7 25. Re1 Kg7 26. a3 h5 27. b4 Kf6
28. Nf3 g4 29. Nd2 a5 30. Rb1 axb4 31. axb4 b5 32. Ne2 Nb6 33. Nf1 Bd7 34. Ne3
Ra8 35. Bc2 Nc4 36. Nxc4 dxc4 37. Ng3 Bxg3 38. fxg3 Ra2 0-1

[Event "4NCL9495 2nd Season"]
[Site "Various Venues"]
[Date "1994.11.27"]
[Round "4.1"]
[White "Cooper, John Grantley"]
[Black "Webster, Andrew"]
[Result "1-0"]
[WhiteElo "2380"]
[BlackElo "2410"]
[PlyCount "95"]
[EventDate "1994.10.01"]
[EventType "team-tourn"]
[EventRounds "11"]
[EventCountry "GBR"]
[SourceTitle "BritBase"]
[SourceDate "2020.05.17"]
[SourceVersion "1"]
[SourceVersionDate "2020.05.17"]
[SourceQuality "1"]
[WhiteTeam "South Wales Dragons"]
[BlackTeam "Midland Monarchs"]
[WhiteTeamCountry "WLS"]
[BlackTeamCountry "ENG"]

1. d4 Nf6 2. c4 d6 3. Nc3 c6 4. e4 Nbd7 5. Nf3 e5 6. Be2 a6 7. O-O b5 8. a3 Bb7
9. d5 cxd5 10. cxd5 Be7 11. Be3 O-O 12. Nd2 Qb8 13. b4 Rc8 14. Qb3 Bd8 15. a4
bxa4 16. Nxa4 Rc7 17. Rfc1 Rxc1+ 18. Rxc1 Bc8 19. Rc6 Bb7 20. Rc3 Bc8 21. Qc2
h6 22. h3 Kf8 23. Rc4 Ng8 24. Bg4 Ke8 25. Nb3 Bg5 26. Bxg5 hxg5 27. Qc1 f6 28.
Rxc8+ Qxc8 29. Bxd7+ Qxd7 30. Nb6 Qb7 31. Nxa8 Kd7 32. Qa3 Qxa8 33. b5 Ne7 34.
bxa6 Nc8 35. Qa4+ Kc7 36. Qb5 Qa7 37. Qc6+ Kb8 38. Na5 Qb6 39. Qxb6+ Nxb6 40.
Nc6+ Kc7 41. Na7 Nc8 42. Nxc8 Kxc8 43. Kh2 Kb8 44. h4 gxh4 45. Kh3 g5 46. Kg4
Ka7 47. Kf5 Kxa6 48. f3 1-0

[Event "4NCL9495 2nd Season"]
[Site "Various Venues"]
[Date "1994.11.27"]
[Round "4.2"]
[White "Ledger, Andrew"]
[Black "James, David J"]
[Result "1-0"]
[WhiteElo "2410"]
[BlackElo "2250"]
[PlyCount "161"]
[EventDate "1994.10.01"]
[EventType "team-tourn"]
[EventRounds "11"]
[EventCountry "GBR"]
[SourceTitle "BritBase"]
[SourceDate "2020.05.17"]
[SourceVersion "1"]
[SourceVersionDate "2020.05.17"]
[SourceQuality "1"]
[WhiteTeam "Midland Monarchs"]
[BlackTeam "South Wales Dragons"]
[WhiteTeamCountry "ENG"]
[BlackTeamCountry "WLS"]

1. c4 e5 2. Nc3 Nc6 3. g3 g6 4. Bg2 Bg7 5. d3 d6 6. Rb1 f5 7. e3 Nf6 8. Nge2
O-O 9. O-O g5 10. f4 gxf4 11. exf4 Ne7 12. Kh1 Qe8 13. Nb5 Qd8 14. Be3 a6 15.
Nbc3 Rb8 16. Ba7 Ra8 17. Bg1 Rb8 18. a4 Bd7 19. fxe5 dxe5 20. d4 e4 21. Bh3 Qe8
22. d5 Qh5 23. Nf4 Qf7 24. Nce2 b5 25. Ne6 Bxe6 26. dxe6 Qxe6 27. cxb5 axb5 28.
Nd4 Qd5 29. axb5 Kh8 30. Nxf5 Nxf5 31. Rxf5 Qd3 32. Bf1 Qxd1 33. Rxd1 Rbd8 34.
Rc1 Nd5 35. Rxf8+ Rxf8 36. Bc4 Nb6 37. Be2 Be5 38. Rc5 Bd6 39. Bd4+ Kg8 40.
Rg5+ Kf7 41. Rg7+ Ke6 42. Rxh7 Kd5 43. Be3 Nc4 44. Rh5+ Ne5 45. b3 Ke6 46. Bc4+
Nxc4 47. bxc4 Rf3 48. Bg1 Rb3 49. Kg2 Rb2+ 50. Kh3 Rc2 51. c5 Be5 52. Kg4 Rc1
53. Bf2 Rc2 54. Be3 Rc3 55. Rh6+ Kd5 56. Bf4 Rxc5 57. Bxe5 Kxe5 58. h4 Kd4 59.
b6 cxb6 60. Rxb6 e3 61. Re6 Kd3 62. Kf4 e2 63. g4 Kd2 64. h5 e1=Q 65. Rxe1 Kxe1
66. h6 Kf2 67. g5 Rc4+ 68. Kf5 Kf3 69. h7 Rc5+ 70. Kf6 Rc6+ 71. Ke5 Rc5+ 72.
Kd4 Rxg5 73. h8=Q Rg4+ 74. Kd3 Kf4 75. Qf6+ Kg3 76. Ke3 Ra4 77. Qd6+ Kh4 78.
Kf3 Kg5 79. Qd5+ Kh4 80. Qc5 Ra8 81. Qd4+ 1-0

[Event "4NCL9495 2nd Season"]
[Site "Various Venues"]
[Date "1994.11.27"]
[Round "4.3"]
[White "Zeidler, Sven"]
[Black "Ferguson, Mark"]
[Result "1-0"]
[WhiteElo "2215"]
[BlackElo "2370"]
[PlyCount "103"]
[EventDate "1994.10.01"]
[EventType "team-tourn"]
[EventRounds "11"]
[EventCountry "GBR"]
[SourceTitle "BritBase"]
[SourceDate "2020.05.17"]
[SourceVersion "1"]
[SourceVersionDate "2020.05.17"]
[SourceQuality "1"]
[WhiteTeam "South Wales Dragons"]
[BlackTeam "Midland Monarchs"]
[WhiteTeamCountry "WLS"]
[BlackTeamCountry "ENG"]

1. e4 e5 2. Nf3 Nc6 3. c3 d5 4. Qa4 Bd7 5. exd5 Nd4 6. Qd1 Nxf3+ 7. Qxf3 Nf6 8.
c4 Bc5 9. d3 Ng4 10. Be3 Nxe3 11. fxe3 Qg5 12. Kd2 O-O 13. Nc3 f5 14. h4 Qh6
15. Re1 e4 16. Qf4 Qb6 17. Kc2 exd3+ 18. Bxd3 Rae8 19. Rhf1 Bxe3 20. Qf3 g6 21.
h5 Bd4 22. hxg6 hxg6 23. Qg3 Bf2 24. Rxf2 Rxe1 25. c5 Qf6 26. Qxc7 Re7 27. Qg3
Kg7 28. Ne2 Rc8 29. b4 Qa1 30. Nc3 Re1 31. Qf4 Ba4+ 32. Nxa4 Qd1+ 33. Kc3 Qxa4
34. Qd4+ Kh7 35. Kb2 a5 36. Rxf5 gxf5 37. Bxf5+ Kg8 38. Qg4+ Kf8 39. Bxc8 Rf1
40. Qh4 Qxb4+ 41. Qxb4 axb4 42. Bxb7 Ke7 43. d6+ Kd7 44. Bf3 Rf2+ 45. Kb3 Rd2
46. Kxb4 Rxa2 47. Kc4 Rd2 48. Kc3 Ra2 49. Kd4 Ra3 50. Ke5 Ra5 51. Kd5 Kd8 52.
Be4 1-0

[Event "4NCL9495 2nd Season"]
[Site "Various Venues"]
[Date "1994.11.27"]
[Round "4.4"]
[White "Buckley, Graeme"]
[Black "Rayner, Francis"]
[Result "1-0"]
[WhiteElo "2310"]
[BlackElo "2200"]
[PlyCount "49"]
[EventDate "1994.10.01"]
[EventType "team-tourn"]
[EventRounds "11"]
[EventCountry "GBR"]
[SourceTitle "BritBase"]
[SourceDate "2020.05.17"]
[SourceVersion "1"]
[SourceVersionDate "2020.05.17"]
[SourceQuality "1"]
[WhiteTeam "Midland Monarchs"]
[BlackTeam "South Wales Dragons"]
[WhiteTeamCountry "ENG"]
[BlackTeamCountry "WLS"]

1. d4 Nf6 2. Bg5 Ne4 3. Bh4 c5 4. f3 Nf6 5. d5 Qb6 6. e4 Qxb2 7. Nd2 d6 8. Rb1
Qc3 9. Bb5+ Nbd7 10. Ne2 Qa5 11. O-O Qc7 12. c4 g6 13. f4 Bg7 14. e5 dxe5 15.
fxe5 Ng4 16. d6 exd6 17. e6 O-O 18. exd7 Bxd7 19. Bxd7 Qxd7 20. Qb3 Nxh2 21.
Kxh2 Qg4 22. Nf3 Rae8 23. Rbe1 Re4 24. Nc3 Rxc4 25. Nd5 1-0

[Event "4NCL9495 2nd Season"]
[Site "Various Venues"]
[Date "1994.11.27"]
[Round "4.5"]
[White "Morris, Charles F"]
[Black "Cooper, Lawrence"]
[Result "1/2-1/2"]
[WhiteElo "2195"]
[BlackElo "2305"]
[PlyCount "36"]
[EventDate "1994.10.01"]
[EventType "team-tourn"]
[EventRounds "11"]
[EventCountry "GBR"]
[SourceTitle "BritBase"]
[SourceDate "2020.05.17"]
[SourceVersion "1"]
[SourceVersionDate "2020.05.17"]
[SourceQuality "1"]
[WhiteTeam "South Wales Dragons"]
[BlackTeam "Midland Monarchs"]
[WhiteTeamCountry "WLS"]
[BlackTeamCountry "ENG"]

1. c4 b6 2. Nc3 Bb7 3. e4 e6 4. Nf3 Bb4 5. Bd3 Bxc3 6. bxc3 d6 7. O-O e5 8. Bc2
Ne7 9. Ng5 Ng6 10. d3 Nd7 11. g3 Qe7 12. Ba4 h6 13. Nh3 O-O-O 14. Qg4 Kb8 15.
Bxd7 Qxd7 16. Qxd7 Rxd7 17. f4 exf4 18. Bxf4 Re8 1/2-1/2

[Event "4NCL9495 2nd Season"]
[Site "Various Venues"]
[Date "1994.11.27"]
[Round "4.6"]
[White "Hunt, Harriet V"]
[Black "Saunders, John C"]
[Result "1/2-1/2"]
[WhiteElo "2265"]
[BlackElo "2250"]
[PlyCount "50"]
[EventDate "1994.10.01"]
[EventType "team-tourn"]
[EventRounds "11"]
[EventCountry "GBR"]
[SourceTitle "BritBase"]
[SourceDate "2020.05.17"]
[SourceVersion "1"]
[SourceVersionDate "2020.05.17"]
[SourceQuality "1"]
[WhiteTeam "Midland Monarchs"]
[BlackTeam "South Wales Dragons"]
[WhiteTeamCountry "ENG"]
[BlackTeamCountry "WLS"]

1. e4 c6 2. d4 d5 3. exd5 cxd5 4. c4 Nf6 5. Nc3 Nc6 6. Nf3 Bg4 7. cxd5 Nxd5 8.
Qb3 Bxf3 9. gxf3 e6 10. Qxb7 Nxd4 11. Bb5+ Nxb5 12. Qc6+ Ke7 13. Qxb5 Qd7 14.
Nxd5+ Qxd5 15. Qxd5 exd5 16. Be3 Ke6 17. O-O-O Bb4 18. a3 Rhc8+ 19. Kb1 Bc5 20.
Rd3 Bxe3 21. fxe3 Rc7 22. Rhd1 Rd8 23. b3 g5 24. Kb2 f5 25. Rd4 h5 1/2-1/2

[Event "4NCL9495 2nd Season"]
[Site "Various Venues"]
[Date "1994.11.27"]
[Round "4.7"]
[White "Williams, Leighton"]
[Black "Baker, Chris W"]
[Result "1/2-1/2"]
[WhiteElo "2150"]
[BlackElo "2260"]
[PlyCount "27"]
[EventDate "1994.10.01"]
[EventType "team-tourn"]
[EventRounds "11"]
[EventCountry "GBR"]
[SourceTitle "BritBase"]
[SourceDate "2020.05.17"]
[SourceVersion "1"]
[SourceVersionDate "2020.05.17"]
[SourceQuality "1"]
[WhiteTeam "South Wales Dragons"]
[BlackTeam "Midland Monarchs"]
[WhiteTeamCountry "WLS"]
[BlackTeamCountry "ENG"]

1. d4 Nf6 2. c4 e6 3. Nc3 Bb4 4. e3 Nc6 5. Qc2 d5 6. Nf3 O-O 7. a3 Be7 8. b4
dxc4 9. Bxc4 a6 10. O-O Bd6 11. Rd1 Re8 12. Ng5 h6 13. Nge4 Nxe4 14. Nxe4
1/2-1/2

[Event "4NCL9495 2nd Season"]
[Site "Various Venues"]
[Date "1994.11.27"]
[Round "4.8"]
[White "McFarland, Robert S"]
[Black "Richmond, Jane"]
[Result "1-0"]
[WhiteElo "2255"]
[BlackElo "2165"]
[PlyCount "77"]
[EventDate "1994.10.01"]
[EventType "team-tourn"]
[EventRounds "11"]
[EventCountry "GBR"]
[SourceTitle "BritBase 17 May2020"]
[SourceDate "2020.05.17"]
[SourceVersionDate "2020.05.17"]
[WhiteTeam "Midland Monarchs"]
[BlackTeam "South Wales Dragons"]
[WhiteTeamCountry "ENG"]
[BlackTeamCountry "WLS"]

1. Nf3 d5 2. g3 Nf6 3. Bg2 Nc6 4. c4 d4 5. b4 d3 6. Nc3 e5 7. b5 Nb4 8. O-O Bd6
9. a3 Nc2 10. Ra2 Bg4 11. h3 Bxf3 12. Bxf3 O-O 13. exd3 Nd4 14. Bxb7 Rb8 15.
Bg2 Nd7 16. Bb2 Nc5 17. Ne2 Qf6 18. Nxd4 exd4 19. Qg4 Be5 20. f4 Bd6 21. Qf3
Rfe8 22. Qd5 Nb3 23. c5 Nxc5 24. Bxd4 Qe7 25. a4 Rbd8 26. Bf2 Qf8 27. Qc4 Be7
28. d4 Nd7 29. Qxc7 Bd6 30. Qxa7 Bb8 31. Qb7 Qb4 32. a5 Re7 33. Qc6 Re6 34. Qd5
Rd6 35. Qh5 Nf6 36. Qc5 Qb3 37. Rc2 Nd7 38. Qc4 Qa3 39. Ra2 1-0

[Event "4NCL9495 2nd Season"]
[Site "Various Venues"]
[Date "1995.01.21"]
[Round "5.1"]
[White "Chandler, Murray G"]
[Black "King, Daniel J"]
[Result "1-0"]
[WhiteElo "2535"]
[BlackElo "2500"]
[PlyCount "79"]
[EventDate "1994.10.01"]
[EventType "team-tourn"]
[EventRounds "11"]
[EventCountry "GBR"]
[SourceTitle "BritBase"]
[SourceDate "2020.05.17"]
[SourceVersion "1"]
[SourceVersionDate "2020.05.17"]
[SourceQuality "1"]
[WhiteTeam "BCM"]
[BlackTeam "Na Fianna"]
[WhiteTeamCountry "ENG"]
[BlackTeamCountry "IRL"]

1. d4 Nf6 2. c4 g6 3. g3 Bg7 4. Bg2 O-O 5. Nf3 d6 6. O-O Nbd7 7. Nc3 e5 8. h3
a6 9. Be3 Rb8 10. Rc1 exd4 11. Nxd4 Re8 12. Qd2 Ne5 13. b3 c5 14. Nc2 b5 15.
cxb5 axb5 16. Rfd1 b4 17. Na4 Ba6 18. Qxd6 Qxd6 19. Rxd6 Bxe2 20. Nxc5 Nf3+ 21.
Kh1 Nh5 22. Bf1 Bxf1 23. Rxf1 Bf8 24. Rc6 Ne5 25. Rc7 Bd6 26. Rb7 Rxb7 27. Nxb7
Bf8 28. Rd1 Rb8 29. Rd5 Rxb7 30. Rxe5 Rc7 31. Nd4 Nf6 32. Kg2 Ra7 33. Rb5 Rxa2
34. Nc6 Ra3 35. Bd4 Nd7 36. Rb7 Ra6 37. Nxb4 Rd6 38. Be3 h5 39. Rb5 Nf6 40. Rb8
1-0

[Event "4NCL9495 2nd Season"]
[Site "Various Venues"]
[Date "1995.01.21"]
[Round "5.2"]
[White "O'Shaughnessy, Conor"]
[Black "Mestel, A Jonathan"]
[Result "1/2-1/2"]
[WhiteElo "2215"]
[BlackElo "2520"]
[PlyCount "40"]
[EventDate "1994.10.01"]
[EventType "team-tourn"]
[EventRounds "11"]
[EventCountry "GBR"]
[SourceTitle "BritBase"]
[SourceDate "2020.05.17"]
[SourceVersion "1"]
[SourceVersionDate "2020.05.17"]
[SourceQuality "1"]
[WhiteTeam "Na Fianna"]
[BlackTeam "BCM"]
[WhiteTeamCountry "IRL"]
[BlackTeamCountry "ENG"]

1. e4 c5 2. Nf3 d6 3. c3 Nf6 4. Bd3 Nc6 5. O-O Bd7 6. Bc2 Rc8 7. d3 g6 8. a4
Bg7 9. Na3 a6 10. h3 O-O 11. Be3 Qc7 12. Qd2 Rfd8 13. Rfe1 Qb8 14. Bh6 b5 15.
axb5 axb5 16. Bxg7 Kxg7 17. b4 cxb4 18. cxb4 Be6 19. d4 d5 20. e5 Ne4 1/2-1/2

[Event "4NCL9495 2nd Season"]
[Site "Various Venues"]
[Date "1995.01.21"]
[Round "5.3"]
[White "Cafferty, Bernard"]
[Black "Holland, Christopher"]
[Result "1/2-1/2"]
[WhiteElo "2290"]
[BlackElo "2240"]
[PlyCount "47"]
[EventDate "1994.10.01"]
[EventType "team-tourn"]
[EventRounds "11"]
[EventCountry "GBR"]
[SourceTitle "BritBase"]
[SourceDate "2020.05.17"]
[SourceVersion "1"]
[SourceVersionDate "2020.05.17"]
[SourceQuality "1"]
[WhiteTeam "BCM"]
[BlackTeam "Na Fianna"]
[WhiteTeamCountry "ENG"]
[BlackTeamCountry "IRL"]

1. c4 g6 2. Nf3 Bg7 3. e4 c5 4. d4 cxd4 5. Nxd4 Nc6 6. Be3 Nf6 7. Nc3 O-O 8.
Be2 Nxd4 9. Bxd4 d6 10. O-O Nd7 11. Bxg7 Kxg7 12. Qd4+ Kg8 13. Rad1 Re8 14. h3
Qb6 15. Nd5 Qxd4 16. Rxd4 Rb8 17. Rc1 Kg7 18. Rc3 Nc5 19. Re3 e5 20. Rd2 Ne6
21. Nc3 Nd4 22. Nb5 Nxb5 23. cxb5 Be6 24. Rxd6 {Source: Cafferty scoresheet}
1/2-1/2

[Event "4NCL9495 2nd Season"]
[Site "Various Venues"]
[Date "1995.01.21"]
[Round "5.4"]
[White "McMichael, Richard"]
[Black "Wade, Robert Graham"]
[Result "1-0"]
[WhiteElo "2300"]
[BlackElo "2295"]
[PlyCount "99"]
[EventDate "1994.10.01"]
[EventType "team-tourn"]
[EventRounds "11"]
[EventCountry "GBR"]
[SourceTitle "BritBase"]
[SourceDate "2020.05.17"]
[SourceVersion "1"]
[SourceVersionDate "2020.05.17"]
[SourceQuality "1"]
[WhiteTeam "Na Fianna"]
[BlackTeam "BCM"]
[WhiteTeamCountry "IRL"]
[BlackTeamCountry "ENG"]

1. b3 e5 2. Bb2 d6 3. e3 Nf6 4. c4 Be7 5. Nf3 Nc6 6. d4 exd4 7. Nxd4 O-O 8. Be2
Nxd4 9. Qxd4 d5 10. Nc3 dxc4 11. Qxc4 Be6 12. Qb5 Qc8 13. O-O c6 14. Qe5 Qb8
15. Qa5 Qd8 16. Qa4 Qb6 17. Qf4 Rfd8 18. e4 Rd7 19. e5 Nd5 20. Nxd5 cxd5 21.
Bd3 Rc8 22. Rac1 Rdc7 23. h3 h6 24. Qg3 Bc5 25. Rcd1 Kh8 26. Kh2 Bf8 27. f4 g6
28. f5 gxf5 29. Bxf5 Bg7 30. Bb1 Qb5 31. Rf2 d4 32. Rxd4 Rd7 33. Rxd7 Qxd7 34.
Qe3 Qb5 35. Qe4 Kg8 36. Qh7+ Kf8 37. Ba3+ Rc5 38. Qe4 Kg8 39. Rf6 Qa5 40. Bxc5
Qxc5 41. Rf1 Bd5 42. Qh7+ Kf8 43. Kh1 Be6 44. Qe4 Bd5 45. Qh4 Ke8 46. Be4 Qd4
47. Re1 Bxe5 48. Qg4 Be6 49. Bf5 Qc3 50. Qe4 1-0

[Event "4NCL9495 2nd Season"]
[Site "Various Venues"]
[Date "1995.01.21"]
[Round "5.5"]
[White "Edwards, Raymond B"]
[Black "Connolly, Suzanne"]
[Result "1/2-1/2"]
[WhiteElo "2125"]
[BlackElo "2035"]
[PlyCount "68"]
[EventDate "1994.10.01"]
[EventType "team-tourn"]
[EventRounds "11"]
[EventCountry "GBR"]
[SourceTitle "BritBase"]
[SourceDate "2020.05.17"]
[SourceVersion "1"]
[SourceVersionDate "2020.05.17"]
[SourceQuality "1"]
[WhiteTeam "BCM"]
[BlackTeam "Na Fianna"]
[WhiteTeamCountry "ENG"]
[BlackTeamCountry "IRL"]

1. d4 d5 2. c4 e6 3. Nc3 Nf6 4. cxd5 exd5 5. Bg5 Be7 6. e3 c6 7. Bd3 Ne4 8.
Bxe7 Qxe7 9. Qc2 Bf5 10. Nge2 Nxc3 11. bxc3 Bxd3 12. Qxd3 Nd7 13. O-O O-O 14.
Ng3 Rfe8 15. Rae1 Qa3 16. Qd2 Rac8 17. e4 dxe4 18. Nxe4 Re6 19. Re3 Qe7 20.
Rfe1 Re8 21. h3 h6 22. c4 Qh4 23. Ng3 Nb6 24. Rxe6 Rxe6 25. Rxe6 fxe6 26. Qd3
Qg5 27. Qc3 Qg6 28. Qb3 Qf7 29. Ne2 Qc7 30. Qd3 Qf7 31. Nc1 Qf5 32. Qxf5 exf5
33. c5 Nd5 34. Nb3 b6 1/2-1/2

[Event "4NCL9495 2nd Season"]
[Site "Various Venues"]
[Date "1995.01.21"]
[Round "5.6"]
[White "O'Brien, Richard W"]
[Black "Bennett, Gerald H"]
[Result "0-1"]
[WhiteElo "2160"]
[BlackElo "2310"]
[PlyCount "84"]
[EventDate "1994.10.01"]
[EventType "team-tourn"]
[EventRounds "11"]
[EventCountry "GBR"]
[SourceTitle "BritBase"]
[SourceDate "2020.05.17"]
[SourceVersion "1"]
[SourceVersionDate "2020.05.17"]
[SourceQuality "1"]
[WhiteTeam "Na Fianna"]
[BlackTeam "BCM"]
[WhiteTeamCountry "IRL"]
[BlackTeamCountry "ENG"]

1. d4 Nf6 2. c4 e6 3. Nf3 b6 4. g3 Bb7 5. Bg2 Be7 6. O-O O-O 7. Nc3 Ne4 8. Qc2
f5 9. Ne1 d5 10. cxd5 exd5 11. Qb3 Kh8 12. Nd3 c6 13. Nxe4 fxe4 14. Nf4 Qd6 15.
Bd2 Na6 16. Rac1 Nc7 17. a3 g5 18. Bb4 Qd7 19. Nh3 Ne6 20. f4 g4 21. Nf2 Nxd4
22. Qd1 c5 23. Kh1 Nf5 24. Bd2 e3 25. Bc3+ d4 26. Nxg4 Bxg2+ 27. Kxg2 Qb7+ 28.
Kg1 dxc3 29. Rxc3 Rad8 30. Rd3 c4 31. Rxd8 Rxd8 32. Qe1 Qe4 33. Qc3+ Qd4 34.
Qc2 Qd5 35. Ne5 Nh4 36. Nf3 Nxf3+ 37. Rxf3 Qd1+ 38. Qxd1 Rxd1+ 39. Kg2 Bc5 40.
f5 Rd2 41. f6 Rxe2+ 42. Kf1 Rf2+ 0-1

[Event "4NCL9495 2nd Season"]
[Site "Various Venues"]
[Date "1995.01.21"]
[Round "5.7"]
[White "Forbes, Cathy"]
[Black "O'Siochru, Mairead Maura"]
[Result "1-0"]
[WhiteElo "2140"]
[BlackElo "2045"]
[PlyCount "77"]
[EventDate "1994.10.01"]
[EventType "team-tourn"]
[EventRounds "11"]
[EventCountry "GBR"]
[SourceTitle "BritBase"]
[SourceDate "2020.05.17"]
[SourceVersion "1"]
[SourceVersionDate "2020.05.17"]
[SourceQuality "1"]
[WhiteTeam "BCM"]
[BlackTeam "Na Fianna"]
[WhiteTeamCountry "ENG"]
[BlackTeamCountry "IRL"]

1. d4 Nf6 2. Nf3 e6 3. c3 d5 4. Bf4 Nbd7 5. e3 c5 6. Nbd2 Be7 7. h3 O-O 8. Bd3
b6 9. a4 Bb7 10. Qb1 h6 11. O-O Rc8 12. Re1 a6 13. Qd1 Ne4 14. Qe2 c4 15. Bb1
Re8 16. Nxe4 dxe4 17. Nd2 e5 18. dxe5 Nc5 19. Nxc4 Nd3 20. Nd6 Bxd6 21. exd6
Nxe1 22. Qxe1 g5 23. Bh2 Rc5 24. Qe2 Re6 25. Ba2 Rf6 26. Rd1 Qd7 27. Qg4 Bc8
28. Qxe4 Rcf5 29. f3 Ra5 30. Bb1 Rg6 31. Bc2 f5 32. Bb3+ Kh7 33. Qe7+ Rg7 34.
Qf6 Rg6 35. Qd4 Rc5 36. Bc2 h5 37. b4 Rc6 38. e4 f4 39. e5 {time} 1-0

[Event "4NCL9495 2nd Season"]
[Site "Various Venues"]
[Date "1995.01.21"]
[Round "5.1"]
[White "Emms, John"]
[Black "Pritchett, Craig William"]
[Result "1/2-1/2"]
[WhiteElo "2500"]
[BlackElo "2345"]
[PlyCount "99"]
[EventDate "1994.10.01"]
[EventType "team-tourn"]
[EventRounds "11"]
[EventCountry "GBR"]
[SourceTitle "BritBase"]
[SourceDate "2020.05.17"]
[SourceVersion "1"]
[SourceVersionDate "2020.05.17"]
[SourceQuality "1"]
[WhiteTeam "Wood Green"]
[BlackTeam "Barbican"]
[WhiteTeamCountry "ENG"]
[BlackTeamCountry "ENG"]

1. e4 c5 2. Nf3 e6 3. Nc3 d6 4. d4 cxd4 5. Nxd4 Nf6 6. f4 a6 7. Qf3 Qb6 8. Nb3
Nc6 9. Be3 Qc7 10. Bd3 b5 11. O-O Bb7 12. Qh3 Be7 13. Rae1 Nb4 14. a3 Nxd3 15.
cxd3 O-O 16. f5 exf5 17. Qxf5 Rae8 18. Rc1 Qd8 19. h3 Nd7 20. Nd5 Bxd5 21. Qxd5
Ne5 22. Nd4 Bg5 23. Bxg5 Qxg5 24. Nf5 g6 25. Nxd6 Rd8 26. d4 Nf3+ 27. Rxf3
Qxc1+ 28. Kh2 Qc7 29. e5 Qe7 30. Rf6 Qc7 31. Qf3 Rd7 32. Qf4 Rfd8 33. h4 Re7
34. h5 Rdd7 35. h6 Re6 36. Ne4 Rde7 37. Ng5 Rc6 38. Rd6 f5 39. Nf3 Rd7 40. Rxd7
Qxd7 41. Ng5 Rc8 42. e6 Qd5 43. b4 Kh8 44. Kg3 Kg8 45. Kh3 Rc3+ 46. Kh2 Rc8 47.
Kh1 Kh8 48. Kg1 Kg8 49. Kh2 Kh8 50. Nf7+ 1/2-1/2